000 00588cam a2200193ua 4500
001 363
008 110330n ii |||gr||||Z||||||asm
040 _cMAIN
082 _a320.011
245 1 _aRajnaitik tattva aru rajniti bijnanar mul dharanasamuh
_cbyApurba Kumar Boruah
250 _a3rd.
260 _aGuwahati:
_bPurbanchal prakash,
_cAuthor.
300 _a252p:5cm.
653 _aPolitical science
653 _aPolitical theory and political concepts
653 _arajnaitik tattwa aru rajniti bigyanar mul dharanahomuh
700 _aBoruah, Apurba Kumar.,
_eApurba.
942 _cBK
999 _c311
_d311